00852nam a22002532a 450000100060000000300080000600500170001400800410003103500510007204000490012304100080017208200190018009000160019910000310021524500270024626000440027330000300031750400490034765000180039665000170041494200120043199900170044395201380046031391BD-RjUL20211209051709.0140415s1954 sw a b 001 0 eng d aOCLC ocm00947178 from D951005Ma(BD-RjUL)31478 aChicago. Univ. Libr.cBOSdSERdBD-RjULbeng aeng a160bHAE 1954 aBF511b.H3M1 aHalldén, Sören.99551910aEmotive propositions / aStockholm :bAlmquist & Wiksell,c1954. a232 p. :billus. ;c20 cm aIncludes Bibliography: p. 222-226 and index. 0aValues995520 0aLogic995521 2ddccBK c31391d31391 00102ddc40718NFICaRUCLbRUCLcReadingd1963-03-07eZeitlingerg32.00l0o160 HAE 1954r2014-04-15 00:00:00tC-1w2014-04-15yBK